| 000 | 00861cam a22002894a 4500 | ||
|---|---|---|---|
| 001 | 12143859 | ||
| 003 | OSt | ||
| 005 | 20180928155548.0 | ||
| 008 | 000816s2001 pau b 001 0 eng c | ||
| 010 | _a 00064105 | ||
| 020 | _a0721677282 (alk. paper) | ||
| 035 | _a(DNLM)100962511 | ||
| 040 |
_aDNLM/DLC _cDLC _dDLC |
||
| 042 | _apcc | ||
| 050 | 0 | 0 |
_aRL801 _b.C66 2001 |
| 060 | 1 | 0 |
_aWR 650 _bC7375 2001 |
| 082 | 0 | 0 |
_aWR 650 C73 2001 _221 |
| 100 |
_aEditor, Stephen E. Wolverton. _912686 |
||
| 245 | 0 | 0 | _aComprehensive Dermatologic Drug Therapy |
| 260 |
_aPhiladelphia; _bSaunders, _cc2001. |
||
| 300 |
_axix, 954 p. : _bill. ; _c26 cm. |
||
| 504 | _aIncludes bibliographical references and index. | ||
| 650 | 0 |
_aDermatopharmacology. _94523 |
|
| 650 | 1 | 2 |
_aSkin Diseases _94524 |
| 906 |
_a7 _bcbc _corignew _d1 _eocip _f20 _gy-gencatlg |
||
| 942 |
_2z _cSLOAN |
||
| 999 |
_c1712 _d1712 |
||